Menéndez Pelayo y las dos Españas

Uloženo v:
Podrobná bibliografie
Hlavní autor: Torre, Guillermo de (Autor)
Médium: Kniha
Jazyk:španělština
Vydáno: Buenos Aires Patronato Hispano-Argentino de Cultura 1943
Edice:Cuadernos de Cultura Española, 16
Témata:
Tagy: Přidat tag
Žádné tagy, Buďte první, kdo vytvoří štítek k tomuto záznamu!

MARC

LEADER 00000nam a2200000 a 4500
001 UCY9758
003 CL-VaPUC
005 20220427074624.0
008 950720e19430000AG |||||||||||||||||spa|d
999 |c 236796  |d 236794 
040 |c Pontificia Universidad Católica de Valparaíso 
082 0 4 |a 860.9  |b TOR  |2 21 
100 0 |a Torre, Guillermo de  |e author  |9 342295 
245 1 0 |a Menéndez Pelayo y las dos Españas 
260 |a Buenos Aires  |b Patronato Hispano-Argentino de Cultura  |c 1943 
300 |a 94 p 
490 0 |a Cuadernos de Cultura Española, 16 
583 |a last modification  |c 19950720 00:00:00  |k Rodrigo Vera 
600 0 |a Menéndez y Pelayo, Marcelino,  |d 1856-1912  |9 864861 
650 0 |a Literatura española  |9 306261 
650 0 |a Crítica e interpretación   |9 255042 
650 0 |a Poesía española  |9 264938 
942 |c BK  |2 ddc 
945 |d 19950720 00:00:00  |a rbrito 
952 |0 0  |1 0  |4 0  |6 860_900000000000000_TOR_1943  |7 0  |8 A  |9 245129  |a BIBEDU  |b BIBEDU  |d 2019-11-18  |i 3109461  |o 860.9 TOR 1943  |p 3109461  |r 2019-11-18  |w 2019-11-18  |y BK  |k LIT